000
00281nam a22001217a 4500
008
180104b xxu||||| |||| 00| 0 eng d
041
_a
eng
080
_a
32
100
_a
19
101
_a
POL
245
_a
ECONOMIC ANALYSIS FOR LOCAL GOVERNMENT
_c
GALAMBOS,E.C
942
_2
udc
_c
BK
999
_c
39732
_d
39732